[Event "New Zealand Open Ch'p 2015"]
[Site "Devonport, Auckland"]
[Date "2015.01.07"]
[Round "7.54"]
[White "Nylund, Benjamin"]
[Black "Yan, Sarah"]
[Result "0-1"]
[WhiteElo "1453"]
[BlackElo "1390"]
[PlyCount "72"]
[EventDate "2015.01.01"]
[EventType "swiss"]
[EventRounds "9"]
[SourceDate "2015.01.01"]

1. d4 d5 2. c4 c6 3. Nf3 Nf6 4. Nc3 Bf5 5. Bg5 e6 6. e3 Be7 7. Be2 O-O 8. O-O
Nbd7 9. a3 Nb6 10. c5 Nbd7 11. b4 h6 12. Bf4 Nh5 13. Nh4 Nxf4 14. Nxf5 Nxe2+
15. Qxe2 exf5 16. Qh5 Nf6 17. Qxf5 Qd7 18. Qf3 Qg4 19. Qxg4 Nxg4 20. f3 Nxe3
21. Rfe1 Nc2 22. Rxe7 Nxa1 23. Rxb7 Nc2 24. Rc7 Nxd4 25. Kf2 Rfe8 26. g3 Kf8
27. h4 Re7 28. Rxe7 Kxe7 29. Nb1 Re8 30. Ke3 Nf5+ 31. Kf2 Kf6 32. f4 d4 33. h5
d3 34. g4 Nd4 35. Nc3 d2 36. a4 Re1 0-1

[Event "New Zealand Open Ch'p 2015"]
[Site "Devonport, Auckland"]
[Date "2015.01.07"]
[Round "7.55"]
[White "Li, Leo Xiang Yu"]
[Black "Braganza, Nadia"]
[Result "1-0"]
[WhiteElo "955"]
[BlackElo "1334"]
[PlyCount "67"]
[EventDate "2015.01.01"]
[EventType "swiss"]
[EventRounds "9"]
[SourceDate "2015.01.01"]

1. e4 e5 2. Nf3 Nc6 3. Bc4 Nf6 4. Ng5 Qe7 5. Nxf7 Rg8 6. Ng5 d5 7. exd5 Nxd5 8.
Bxd5 Qxg5 9. O-O Rh8 10. d4 Qf6 11. dxe5 Nxe5 12. Re1 Bf5 13. f4 Bc5+ 14. Kh1
O-O-O 15. fxe5 Qg6 16. Qf3 c6 17. Bb3 Bg4 18. Qg3 h5 19. h3 b6 20. Nc3 Rde8 21.
Be3 Bxe3 22. Rxe3 Qf5 23. hxg4 hxg4+ 24. Kg1 Qh5 25. Rf1 Qh1+ 26. Kf2 Ref8+ 27.
Rf3 Qh5 28. Be6+ Kc7 29. Bxg4 Rxf3+ 30. Bxf3 Qe8 31. Qxg7+ Kb8 32. Nb5 Rg8 33.
Qc7+ Ka8 34. Qxa7# 1-0

[Event "New Zealand Open Ch'p 2015"]
[Site "Devonport, Auckland"]
[Date "2015.01.07"]
[Round "7.57"]
[White "Lee, Amy"]
[Black "Barry, Jacob"]
[Result "0-1"]
[WhiteElo "644"]
[BlackElo "965"]
[PlyCount "56"]
[EventDate "2015.01.01"]
[EventType "swiss"]
[EventRounds "9"]
[SourceDate "2015.01.01"]

1. e4 e5 2. d4 d6 3. d5 Nf6 4. f3 c6 5. c4 Nbd7 6. Nc3 Nb6 7. Be3 Be7 8. Qd2
O-O 9. O-O-O Bd7 10. Bd3 Rc8 11. Kb1 cxd5 12. exd5 Na4 13. Nge2 Qa5 14. Rdg1
Nxc3+ 15. Nxc3 Bd8 16. g4 Bb6 17. g5 Nh5 18. g6 fxg6 19. Bxg6 hxg6 20. Rxg6
Bxe3 21. Qxe3 Nf4 22. Rxd6 Bf5+ 23. Kc1 Nd3+ 24. Kd1 Nxb2+ 25. Kc1 Nxc4 26.
Qxe5 Nxe5 27. Kd1 Nxf3 28. Ne2 Qd2# 0-1

[Event "New Zealand Open Ch'p 2015"]
[Site "Devonport, Auckland"]
[Date "2015.01.08"]
[Round "8.2"]
[White "Howell, David W L"]
[Black "Rasmussen, Allan Stig"]
[Result "1/2-1/2"]
[WhiteElo "2670"]
[BlackElo "2526"]
[PlyCount "63"]
[EventDate "2015.01.01"]
[EventType "swiss"]
[EventRounds "9"]
[SourceDate "2015.01.01"]

1. e4 c6 2. d4 d5 3. exd5 cxd5 4. c4 Nf6 5. Nc3 e6 6. Nf3 Be7 7. cxd5 Nxd5 8.
Bd3 Nc6 9. O-O O-O 10. Re1 Bf6 11. Be4 Nce7 12. Qd3 g6 13. Bh6 Bg7 14. Bxg7
Kxg7 15. Rac1 Bd7 16. Bxd5 exd5 17. Qe3 Re8 18. Ne5 f6 19. Nd3 Nf5 20. Qf4 Rc8
21. Rxe8 Qxe8 22. Nxd5 Rxc1+ 23. Qxc1 Qe4 24. N3f4 Nxd4 25. Nc3 Qe5 26. Qd2 Bc6
27. h3 Kf7 28. Nd3 Qd6 29. Qh6 Nf5 30. Qd2 Nh4 31. Qh6 Nf5 32. Qd2 1/2-1/2

[Event "New Zealand Open Ch'p 2015"]
[Site "Devonport, Auckland"]
[Date "2015.01.08"]
[Round "8.3"]
[White "Hague, Ben"]
[Black "Bischoff, Klaus"]
[Result "1/2-1/2"]
[WhiteElo "2317"]
[BlackElo "2490"]
[PlyCount "61"]
[EventDate "2015.01.01"]
[EventType "swiss"]
[EventRounds "9"]
[SourceDate "2015.01.01"]

1. e4 c5 2. Nf3 e6 3. d4 cxd4 4. Nxd4 a6 5. Nc3 Qc7 6. Bd3 Nf6 7. f4 d6 8. Be3
g6 9. O-O Bg7 10. f5 Nc6 11. fxe6 Bxe6 12. Nxe6 fxe6 13. Bc4 Qe7 14. Qd2 b5 15.
Bb3 O-O 16. Rad1 Ng4 17. Bf4 Be5 18. Bxe5 dxe5 19. Kh1 Nd4 20. h3 Qh4 21. Kg1
Nf6 22. Qe3 Nh5 23. Ne2 Nxe2+ 24. Qxe2 Nf4 25. Qf3 Qe7 26. Kh2 Rac8 27. Qg4 h5
28. Qg3 h4 29. Qg4 Kg7 30. Rd2 Rcd8 31. Rfd1 1/2-1/2

[Event "New Zealand Open Ch'p 2015"]
[Site "Devonport, Auckland"]
[Date "2015.01.08"]
[Round "8.4"]
[White "Zelesco, Karl"]
[Black "Dive, Russell J"]
[Result "1-0"]
[WhiteElo "2210"]
[BlackElo "2315"]
[PlyCount "69"]
[EventDate "2015.01.01"]
[EventType "swiss"]
[EventRounds "9"]
[SourceDate "2015.01.01"]

1. d4 Nf6 2. c4 e6 3. Nc3 Bb4 4. e3 c5 5. Nge2 cxd4 6. exd4 d5 7. a3 Be7 8. Nf4
O-O 9. cxd5 Nxd5 10. Ncxd5 exd5 11. Bd3 Bf6 12. O-O Nc6 13. Be3 g6 14. Rc1 Qd6
15. Bb1 Rd8 16. Ba2 Ne7 17. Qd2 Bd7 18. Nd3 Bb5 19. Bf4 Qb6 20. Bc7 Qxd4 21.
Bxd8 Rxd8 22. Rfd1 Bxd3 23. Qxd3 Qxb2 24. Rb1 Qe5 25. Rxb7 Rc8 26. g3 Rc3 27.
Qb5 Kg7 28. Bxd5 Qh5 29. Rd2 Qg5 30. f4 Qh5 31. Kg2 Re3 32. Rxa7 Nxd5 33. Qxd5
Re2+ 34. Kf1 Rxd2 35. Qxf7+ 1-0

[Event "New Zealand Open Ch'p 2015"]
[Site "Devonport, Auckland"]
[Date "2015.01.08"]
[Round "8.5"]
[White "Lauterbach, Ingrid"]
[Black "Teh, Eu Wen Aron"]
[Result "0-1"]
[WhiteElo "2089"]
[BlackElo "2300"]
[PlyCount "134"]
[EventDate "2015.01.01"]
[EventType "swiss"]
[EventRounds "9"]
[SourceDate "2015.01.01"]

1. Nf3 Nf6 2. g3 d5 3. Bg2 c6 4. O-O Bg4 5. h3 Bh5 6. c4 e6 7. b3 Bd6 8. Bb2
Nbd7 9. d3 O-O 10. Nbd2 Re8 11. Qe1 e5 12. Nh4 Bg6 13. cxd5 cxd5 14. Nxg6 hxg6
15. e4 dxe4 16. Nc4 Nc5 17. Nxd6 Qxd6 18. dxe4 Qa6 19. Qe3 Nd3 20. Rfb1 Nxb2
21. Rxb2 Red8 22. Rd2 Qa5 23. Rad1 Rxd2 24. Rxd2 Rc8 25. Bf1 Rc3 26. Qe2 Kh7
27. Kg2 a6 28. Rc2 b5 29. Rxc3 Qxc3 30. f3 Nh5 31. h4 Qc1 32. Kh2 a5 33. Qxb5
Qe1 34. Bg2 Qxg3+ 35. Kg1 Nf4 36. Qf1 Qxh4 37. Qf2 Qg5 38. Kh2 Nd3 39. Qe2 Qf4+
40. Kg1 Nc1 41. Qe1 Nxa2 42. Qxa5 Nc1 43. Qb6 Qd2 44. Bf1 Qd1 45. Qf2 Nxb3 46.
Qh2+ Kg8 47. Qxe5 Qxf3 48. Bc4 Qd1+ 49. Kg2 Qc2+ 50. Kg1 Qb1+ 51. Kg2 Qc2+ 52.
Kg1 Qd1+ 53. Kf2 Nd2 54. Bxf7+ Kxf7 55. Qc7+ Kg8 56. Qb8+ Kh7 57. Qh2+ Qh5 58.
Qf4 Nxe4+ 59. Qxe4 Qf5+ 60. Qf3 Kh6 61. Kg3 Qxf3+ 62. Kxf3 Kh5 63. Kg3 Kg5 64.
Kh3 Kf4 65. Kh4 g5+ 66. Kh3 Kf3 67. Kh2 g4 0-1

[Event "New Zealand Open Ch'p 2015"]
[Site "Devonport, Auckland"]
[Date "2015.01.08"]
[Round "8.6"]
[White "Schmitz, Andreas Arnold"]
[Black "Garbett, Paul A"]
[Result "1-0"]
[WhiteElo "2066"]
[BlackElo "2264"]
[PlyCount "125"]
[EventDate "2015.01.01"]
[EventType "swiss"]
[EventRounds "9"]
[SourceDate "2015.01.01"]

1. e4 c5 2. c3 d5 3. exd5 Nf6 4. c4 e6 5. dxe6 Bxe6 6. Nf3 Nc6 7. Be2 Qc7 8. b3
O-O-O 9. Bb2 Bd6 10. Na3 a6 11. Nc2 Rd7 12. b4 Re8 13. bxc5 Bxc5 14. O-O Ng4
15. d4 Bf5 16. Bd3 g6 17. Bxf5 gxf5 18. h3 Nf6 19. Qc1 Be7 20. d5 Na5 21. Ne5
Bd6 22. Nxd7 Nxd7 23. Nd4 Kb8 24. Nxf5 Bf4 25. d6 Qxc4 26. Qxc4 Nxc4 27. Bc1
Be5 28. Rb1 Bc3 29. Rb3 Ba5 30. Rd1 Re5 31. Ne3 Rc5 32. Rd5 Nxd6 33. Rxc5 Nxc5
34. Ba3 Nde4 35. Bxc5 Nxc5 36. Rb2 b5 37. Rc2 Ne6 38. Rc6 Bb4 39. Nd5 Bc5 40.
Rxa6 Kb7 41. Ra5 Kc6 42. Nc3 Nc7 43. Nxb5 Nxb5 44. Ra6+ Bb6 45. Ra8 Bd4 46. g4
Kd7 47. Kg2 Nc7 48. Ra5 Ne6 49. Kg3 Nc5 50. f4 h6 51. Kh4 Ne6 52. g5 Nxf4 53.
gxh6 Ke6 54. Kg4 Ng6 55. h4 Nf8 56. Rh5 Be3 57. a4 Nd7 58. h7 Bd4 59. Kf4 f5
60. Rxf5 Be5+ 61. Rxe5+ Nxe5 62. h5 Nf7 63. a5 1-0

[Event "New Zealand Open Ch'p 2015"]
[Site "Devonport, Auckland"]
[Date "2015.01.08"]
[Round "8.8"]
[White "Gao, Hans"]
[Black "Thornton, Giovanni A"]
[Result "0-1"]
[WhiteElo "2116"]
[BlackElo "2143"]
[PlyCount "106"]
[EventDate "2015.01.01"]
[EventType "swiss"]
[EventRounds "9"]
[SourceDate "2015.01.01"]

1. e4 c6 2. d4 d5 3. Nc3 dxe4 4. Nxe4 Bf5 5. Ng3 Bg6 6. Nh3 Nf6 7. Nf4 e5 8.
Nxg6 hxg6 9. Be3 Nbd7 10. Bc4 Bd6 11. c3 Qc7 12. Qf3 exd4 13. Bxd4 Ne5 14. Bxe5
Bxe5 15. O-O-O Rh4 16. Qe2 Kf8 17. Bb3 a5 18. Bc2 a4 19. a3 Re8 20. Qd3 Qb6 21.
Rhf1 Nd5 22. Ne2 Bf6 23. Rde1 Qc5 24. Kb1 Rxh2 25. Bxa4 Rh4 26. Bb3 Rhe4 27.
Rh1 R8e6 28. c4 Qxf2 29. cxd5 Rxe2 30. Rxe2 Rxe2 31. Rh8+ Ke7 32. Bc2 Re1+ 33.
Ka2 Qd4 34. Qxd4 Bxd4 35. Rb8 cxd5 36. Rxb7+ Ke6 37. a4 Re2 38. Bd3 Rxg2 39. a5
Rd2 40. Bb1 g5 41. a6 g4 42. a7 Bxa7 43. Rxa7 g3 44. Ra3 g2 45. Rg3 f5 46. Rxg7
f4 47. Rg6+ Ke5 48. Rg5+ Kd4 49. Bf5 f3 50. Bh3 Ke3 51. Kb3 Kf2 52. Kc3 Rd1 53.
Bxg2 fxg2 0-1

[Event "New Zealand Open Ch'p 2015"]
[Site "Devonport, Auckland"]
[Date "2015.01.08"]
[Round "8.9"]
[White "Van Riemsdijk, Herman C"]
[Black "Krstev, Antonio"]
[Result "1-0"]
[WhiteElo "2356"]
[BlackElo "2012"]
[PlyCount "55"]
[EventDate "2015.01.01"]
[EventType "swiss"]
[EventRounds "9"]
[SourceDate "2015.01.01"]

1. e4 d6 2. d4 Nf6 3. Nc3 g6 4. f4 Bg7 5. Nf3 Bg4 6. h3 Bxf3 7. Qxf3 O-O 8. e5
dxe5 9. dxe5 Ne8 10. Qxb7 Nd7 11. Be3 Nb6 12. Rd1 Qb8 13. Qxb8 Rxb8 14. Bc5 f6
15. Bxe7 Rf7 16. Bc5 fxe5 17. Bxb6 Rxb6 18. Bc4 exf4 19. O-O g5 20. Ne4 Nd6 21.
Rxd6 cxd6 22. Nxg5 Bd4+ 23. Kh1 Rxb2 24. Bxf7+ Kh8 25. Bb3 a5 26. Nf7+ Kg7 27.
Nxd6 Kf6 28. Nc4 1-0

[Event "New Zealand Open Ch'p 2015"]
[Site "Devonport, Auckland"]
[Date "2015.01.08"]
[Round "8.11"]
[White "Jule, Alexandra"]
[Black "Le Roy, Brice"]
[Result "1-0"]
[WhiteElo "1939"]
[BlackElo "2290"]
[PlyCount "47"]
[EventDate "2015.01.01"]
[EventType "swiss"]
[EventRounds "9"]
[SourceDate "2015.01.01"]

1. d4 Nf6 2. Nf3 d5 3. c4 c6 4. Nc3 a6 5. cxd5 cxd5 6. Bf4 Nc6 7. e3 Bf5 8. Rc1
Rc8 9. h3 e6 10. Bd3 Ne4 11. O-O Nd6 12. Bxf5 Nxf5 13. Qb3 b5 14. Nxb5 axb5 15.
Qxb5 Qd7 16. Ne5 Nd6 17. Nxd7 Nxb5 18. Nb6 Rd8 19. Rxc6 Na7 20. Rc2 Bd6 21.
Bxd6 Rxd6 22. Nc8 Rc6 23. Rfc1 Rxc2 24. Rxc2 1-0

[Event "New Zealand Open Ch'p 2015"]
[Site "Devonport, Auckland"]
[Date "2015.01.08"]
[Round "8.12"]
[White "Steadman, Michael VR"]
[Black "Goodhue, Nathan"]
[Result "0-1"]
[WhiteElo "2257"]
[BlackElo "2020"]
[PlyCount "78"]
[EventDate "2015.01.01"]
[EventType "swiss"]
[EventRounds "9"]
[SourceDate "2015.01.01"]

1. e4 d5 2. exd5 Qxd5 3. Nc3 Qa5 4. d4 c6 5. Nf3 Nf6 6. Bd2 Bf5 7. Ne5 e6 8. g4
Bg6 9. h4 Qb6 10. Bc1 Be4 11. Rh3 Bd5 12. Ne2 Nfd7 13. Nf4 Nxe5 14. dxe5 Bc5
15. Nd3 Be7 16. a3 c5 17. h5 Na6 18. Nf4 O-O-O 19. Nxd5 Rxd5 20. Qe2 Rhd8 21.
Rd3 Rxd3 22. cxd3 c4 23. Qc2 Kb8 24. Qxc4 Qa5+ 25. Kd1 Qb6 26. Ke2 Rd4 27. Qc3
Rxg4 28. Be3 Qc6 29. Qd2 Qd7 30. b4 Nc7 31. Qc2 Nd5 32. Bc5 Bxc5 33. Qxc5 Qe7
34. Qc1 Qg5 35. Qxg5 Rxg5 36. d4 Rxh5 37. Rc1 Rh4 38. Kd3 Rf4 39. Bg2 Rxf2 0-1

[Event "New Zealand Open Ch'p 2015"]
[Site "Devonport, Auckland"]
[Date "2015.01.08"]
[Round "8.13"]
[White "Reilly, Tim"]
[Black "Smith, Robert W"]
[Result "1/2-1/2"]
[WhiteElo "2238"]
[BlackElo "2233"]
[PlyCount "266"]
[EventDate "2015.01.01"]
[EventType "swiss"]
[EventRounds "9"]
[SourceDate "2015.01.01"]

1. d4 Nf6 2. c4 c5 3. d5 b5 4. cxb5 a6 5. bxa6 g6 6. Nc3 Bxa6 7. Nf3 d6 8. g3
Nbd7 9. Bg2 Bg7 10. Rb1 Qa5 11. O-O O-O 12. Bd2 Rfb8 13. Re1 Ng4 14. Qc2 Nge5
15. Nxe5 Nxe5 16. Na4 Bd3 17. exd3 Qxa4 18. Qxa4 Rxa4 19. a3 Bf6 20. b4 cxb4
21. Rxb4 Rba8 22. Rxa4 Rxa4 23. Rb1 Rxa3 24. Bh6 Ra8 25. Be4 Ng4 26. Be3 Ra2
27. Bb6 Bb2 28. h3 Ne5 29. g4 Nd7 30. Be3 Nc5 31. Kg2 Na4 32. Rd1 Bc3 33. Rb1
Bb2 34. Rd1 Ra3 35. Rb1 Kf8 36. Rd1 Ke8 37. h4 Nc3 38. Rh1 Ra5 39. Bd2 Ra2 40.
Be3 Ra5 41. Bd2 Rc5 42. Bxc3 Rxc3 43. Kf3 Rc2 44. Re1 Bd4 45. Re2 Rc1 46. Kg2
h6 47. Ra2 Kf8 48. g5 Kg7 49. Re2 Be5 50. Bf3 Rc7 51. Re4 f5 52. gxf6+ exf6 53.
Rc4 Rxc4 54. dxc4 h5 55. Bd1 Kh6 56. Kh3 g5 57. f3 Bd4 58. Ba4 Bf2 59. hxg5+
Kxg5 60. Be8 h4 61. Bd7 Kf4 62. Kg2 Be1 63. Bc8 Ke3 64. Bd7 Bb4 65. Bc8 Kf4 66.
Bd7 f5 67. Bc8 Be1 68. Bd7 Ke5 69. Bc8 f4 70. Kh3 Kd4 71. Ba6 Ke3 72. Kg4 Bb4
73. Kxh4 Kxf3 74. Bc8 Ke2 75. Bg4+ Ke3 76. Kh3 Kf2 77. Kh2 f3 78. Bh5 Bc5 79.
Bg4 Bd4 80. Bh5 Be5+ 81. Kh1 Bf4 82. Bg4 Kg3 83. Bh5 Be3 84. Bg6 Kf2 85. Bh5
Kg3 86. Bg6 Bf2 87. Bh5 Kf4 88. Bg6 Ke3 89. Bh5 Bg3 90. Kg1 Ke2 91. Bg4 Be5 92.
Bh5 Bd4+ 93. Kh1 Bc5 94. Bg4 Ke3 95. Bh5 Kf2 96. Bg4 Kg3 97. Bh5 Bd4 98. Bg6
Kf4 99. Bh5 Ke4 100. Bg4 Ke3 101. Bh5 Ke4 102. Bg4 Ke3 103. Bh5 Ba7 104. Bg4
Kf4 105. Bh5 Kg3 106. Bg6 Bb6 107. Bh5 Bd4 108. Bg6 Kg4 109. Kh2 Kg5 110. Bd3
Kf4 111. Bg6 Ke3 112. Bh5 Kf2 113. Bg4 Be5+ 114. Kh1 Ke2 115. Bh5 Bd4 116. Bg4
Ke3 117. Bh5 Kf4 118. Bg6 Kg3 119. Bh5 Bb6 120. Bg6 f2 121. Bd3 Kf3 122. Bf1
Bd4 123. Bd3 Ke3 124. Bf1 Kd2 125. Kg2 Be3 126. Kf3 Bc5 127. Kg2 Ke3 128. Kg3
Bd4 129. Kg2 Be5 130. Kh1 Kf3 131. Bd3 Bf4 132. Bf1 Be5 133. Bd3 Ke3 1/2-1/2

[Event "New Zealand Open Ch'p 2015"]
[Site "Devonport, Auckland"]
[Date "2015.01.08"]
[Round "8.14"]
[White "Drummond, Matthew"]
[Black "McNabb, Matthew D"]
[Result "1-0"]
[WhiteElo "2231"]
[BlackElo "2069"]
[PlyCount "95"]
[EventDate "2015.01.01"]
[EventType "swiss"]
[EventRounds "9"]
[SourceDate "2015.01.01"]

1. c4 c6 2. Nf3 Nf6 3. g3 d5 4. Qc2 dxc4 5. Qxc4 Be6 6. Qh4 Qb6 7. Bg2 Na6 8.
O-O g6 9. d3 Bg7 10. Nbd2 Qb4 11. Nc4 Bxc4 12. dxc4 Nd7 13. Rb1 e5 14. Rd1 Qe7
15. Bh3 Rd8 16. Bg5 f6 17. Be3 b6 18. Qe4 Nab8 19. Rd2 O-O 20. Rbd1 f5 21. Bg5
Bf6 22. Bxf6 Qxf6 23. Qe3 Rfe8 24. Qh6 e4 25. Ng5 Qg7 26. Qxg7+ Kxg7 27. Rd6
Kg8 28. g4 f4 29. Ne6 Rc8 30. g5 Ne5 31. Nxf4 Rc7 32. b3 Nf7 33. Be6 Kg7 34.
Bxf7 Rxf7 35. e3 Rfe7 36. h4 Kf7 37. Kf1 Re5 38. Ke2 a5 39. R1d4 Kg7 40. Ke1
Kf7 41. Ne2 R8e7 42. Ng3 Kg7 43. Ke2 Kf7 44. Rf6+ Kg7 45. Rf4 Nd7 46. Rfxe4 Nc5
47. Rxe5 Rxe5 48. Rd6 1-0

[Event "New Zealand Open Ch'p 2015"]
[Site "Devonport, Auckland"]
[Date "2015.01.08"]
[Round "8.15"]
[White "Duneas, John"]
[Black "McLaren, Leonard J"]
[Result "1/2-1/2"]
[WhiteElo "2054"]
[BlackElo "2210"]
[PlyCount "126"]
[EventDate "2015.01.01"]
[EventType "swiss"]
[EventRounds "9"]
[SourceDate "2015.01.01"]

1. d4 Nf6 2. Nf3 e6 3. g3 b6 4. Bg2 Bb7 5. O-O c5 6. e3 Be7 7. c4 cxd4 8. exd4
d6 9. Nc3 O-O 10. Re1 Nbd7 11. b3 a6 12. Bb2 Qb8 13. d5 e5 14. Nh4 Re8 15. Qd2
Nf8 16. Nf5 Bc8 17. Nxe7+ Rxe7 18. f4 Ng6 19. fxe5 Nxe5 20. Ne4 Nxe4 21. Rxe4
f6 22. Ba3 a5 23. Qd4 Bh3 24. Rf1 Bxg2 25. Kxg2 Qc7 26. Bb2 Rf7 27. Qd2 Raf8
28. Bd4 a4 29. Qb4 axb3 30. axb3 Ra8 31. Re2 Ra6 32. Bxe5 fxe5 33. Rxf7 Kxf7
34. Rf2+ Kg8 35. Qb5 Ra8 36. h4 h6 37. b4 Rc8 38. Rc2 e4 39. Qa4 Rf8 40. Qa2 e3
41. Qb3 Qe7 42. Qd3 Re8 43. Re2 Qe4+ 44. Qxe4 Rxe4 45. Kf3 Rxc4 46. Rxe3 Rd4
47. Re6 Rxd5 48. Ke4 Rb5 49. Rxd6 Rxb4+ 50. Kf5 Rb3 51. g4 Rf3+ 52. Kg6 b5 53.
g5 hxg5 54. hxg5 b4 55. Rb6 b3 56. Rb8+ Rf8 57. Rxb3 Ra8 58. Rb6 Rc8 59. Rb7
Rc6+ 60. Kh5 Kh7 61. Rd7 Ra6 62. Rf7 Rb6 63. Re7 Ra6 1/2-1/2

[Event "New Zealand Open Ch'p 2015"]
[Site "Devonport, Auckland"]
[Date "2015.01.08"]
[Round "8.16"]
[White "Louie, Jared"]
[Black "Morrell, Gordon"]
[Result "1/2-1/2"]
[WhiteElo "1783"]
[BlackElo "2147"]
[PlyCount "122"]
[EventDate "2015.01.01"]
[EventType "swiss"]
[EventRounds "9"]
[SourceDate "2015.01.01"]

1. d4 d5 2. c4 e6 3. g3 c6 4. Nf3 Nf6 5. Bg2 Bb4+ 6. Bd2 Be7 7. Qc2 O-O 8. O-O
Nbd7 9. Bf4 Nh5 10. Nbd2 Nxf4 11. gxf4 Bd6 12. e3 f5 13. Rac1 Qf6 14. Ne5 h6
15. cxd5 exd5 16. Nxc6 bxc6 17. Qxc6 Nb6 18. Bxd5+ Kh8 19. Nc4 Bd7 20. Qxd6
Qxd6 21. Nxd6 Nxd5 22. Nc4 Rfc8 23. Ne5 Be6 24. a3 Rxc1 25. Rxc1 Rc8 26. Rxc8+
Bxc8 27. Kf1 a5 28. Ke2 Kg8 29. Kd2 a4 30. Nd3 Bb7 31. Kc2 Bc6 32. Ne5 Bb5 33.
b3 Kf8 34. bxa4 Bxa4+ 35. Kd2 Ke7 36. f3 Bb5 37. Ng6+ Kf6 38. Ne5 Ke6 39. Ng6
Be8 40. Ne5 Ba4 41. Nd3 Nb6 42. Nc5+ Kd6 43. e4 Bb5 44. exf5 Nc4+ 45. Kc3 Ne3
46. Ne4+ Kc6 47. Ng3 Nd5+ 48. Kd2 Ne7 49. Ke3 Kd5 50. f6 gxf6 51. f5 Bd7 52.
Ne4 Ng8 53. Ng3 Kd6 54. Kf4 Bc6 55. Ne4+ Kd5 56. Ke3 Kc4 57. Nd6+ Kb3 58. Kf4
Kxa3 59. Kg4 Kb4 60. Kh5 Bxf3+ 61. Kg6 Kc3 1/2-1/2

[Event "New Zealand Open Ch'p 2015"]
[Site "Devonport, Auckland"]
[Date "2015.01.08"]
[Round "8.17"]
[White "Fuatai, Fuatai"]
[Black "Ang, Alphaeus Wei Ern"]
[Result "0-1"]
[WhiteElo "2004"]
[BlackElo "2009"]
[PlyCount "60"]
[EventDate "2015.01.01"]
[EventType "swiss"]
[EventRounds "9"]
[SourceDate "2015.01.01"]

1. e4 Nc6 2. d4 d5 3. e5 Bf5 4. f4 e6 5. Nf3 f6 6. Bd3 Bxd3 7. Qxd3 Qd7 8. O-O
O-O-O 9. a3 Nh6 10. b4 Be7 11. Bd2 a6 12. Nc3 b5 13. Rfb1 fxe5 14. fxe5 Nf5 15.
Na4 bxa4 16. Qxa6+ Kb8 17. b5 Na7 18. b6 cxb6 19. Rxb6+ Ka8 20. Rxe6 Rb8 21.
Rb6 Rxb6 22. Qxb6 Rb8 23. Qa5 Qb5 24. Qc3 Rc8 25. Qd3 Qxd3 26. cxd3 Nb5 27. Bb4
Bxb4 28. axb4 a3 29. g4 Ne3 30. e6 Nc2 0-1

[Event "New Zealand Open Ch'p 2015"]
[Site "Devonport, Auckland"]
[Date "2015.01.08"]
[Round "8.18"]
[White "Stojic, Dusan"]
[Black "Eade, Don G"]
[Result "1-0"]
[WhiteElo "2123"]
[BlackElo "1858"]
[PlyCount "79"]
[EventDate "2015.01.01"]
[EventType "swiss"]
[EventRounds "9"]
[SourceDate "2015.01.01"]

1. Nf3 Nf6 2. g3 g6 3. Bg2 Bg7 4. c4 d5 5. O-O O-O 6. cxd5 Nxd5 7. d4 c5 8.
dxc5 Na6 9. c6 bxc6 10. Nd4 Bb7 11. Nc3 Nxc3 12. bxc3 Qc7 13. Rb1 e5 14. Nb3 c5
15. Bxb7 Qxb7 16. Qd3 Qc6 17. Qc4 Rfc8 18. Na5 Qd6 19. Be3 Bf8 20. Rfd1 Qf6 21.
Rd7 Nb8 22. Rdb7 Be7 23. h4 Bf8 24. Bg5 Qf5 25. e4 Qe6 26. Qxe6 fxe6 27. Rd1 c4
28. Bf6 Na6 29. f3 h5 30. Kg2 Nc5 31. Rb4 Nb3 32. Ra4 Nxa5 33. Rxa5 Rcb8 34.
Bxe5 Rc8 35. Rd7 a6 36. Bf6 Rcb8 37. Rg5 Rb2+ 38. Kh3 Bh6 39. Rxg6+ Kf8 40.
Rxh6 1-0

[Event "New Zealand Open Ch'p 2015"]
[Site "Devonport, Auckland"]
[Date "2015.01.08"]
[Round "8.19"]
[White "Zulfic, Fedja"]
[Black "Gong, Daniel Hanwen"]
[Result "1-0"]
[WhiteElo "2114"]
[BlackElo "1870"]
[PlyCount "47"]
[EventDate "2015.01.01"]
[EventType "swiss"]
[EventRounds "9"]
[SourceDate "2015.01.01"]

1. e4 c5 2. Nf3 e6 3. d4 cxd4 4. Nxd4 a6 5. Bd3 d6 6. c4 Nd7 7. Nc3 Ngf6 8. O-O
Be7 9. Qe2 Qc7 10. f4 O-O 11. Bd2 b6 12. Rae1 Bb7 13. Kh1 Rfd8 14. b4 Rac8 15.
Nf3 Bf8 16. e5 Ne8 17. Ng5 h6 18. Qh5 Nb8 19. Nxf7 Qc6 20. Nd5 exd5 21. Qg6 Nf6
22. exf6 dxc4 23. Nxh6+ Kh8 24. Qh7# 1-0

[Event "New Zealand Open Ch'p 2015"]
[Site "Devonport, Auckland"]
[Date "2015.01.08"]
[Round "8.20"]
[White "Gunawan, Boy Reinhard"]
[Black "Vincenti, David"]
[Result "1/2-1/2"]
[WhiteElo "1980"]
[BlackElo "2106"]
[PlyCount "104"]
[EventDate "2015.01.01"]
[EventType "swiss"]
[EventRounds "9"]
[SourceDate "2015.01.01"]

1. d4 f5 2. Nf3 e6 3. c4 Nf6 4. a3 d5 5. Nc3 c6 6. cxd5 exd5 7. Bf4 Bd6 8. Bxd6
Qxd6 9. e3 O-O 10. Bd3 Ne4 11. Ne5 Nd7 12. Nxd7 Bxd7 13. f4 Nxc3 14. bxc3 Rae8
15. Qf3 Re7 16. O-O Rfe8 17. Rfe1 c5 18. Kf2 Rc8 19. Rec1 g6 20. Qd1 Rce8 21.
Qf3 Kg7 22. g3 Rc8 23. Qd1 Be8 24. Ra2 Rec7 25. Rb1 Re7 26. Rab2 Bc6 27. Ra2
Rce8 28. Qf3 Qe6 29. Re2 c4 30. Bc2 Qd6 31. Ra1 b5 32. Bd1 a5 33. Rb2 Rb7 34.
Qe2 Reb8 35. Qd2 Bd7 36. h3 h5 37. h4 Kh6 38. Bf3 Bc6 39. Bd1 b4 40. axb4 axb4
41. cxb4 Rxb4 42. Rab1 R4b7 43. Rxb7 Rxb7 44. Rxb7 Bxb7 45. Qa5 Kg7 46. Ke2 Bc6
47. Kd2 Qb8 48. Qc5 Qb7 49. Bc2 Kf7 50. Kc3 Qa6 51. Kd2 Ke6 52. Qb4 Qb5 1/2-1/2

[Event "New Zealand Open Ch'p 2015"]
[Site "Devonport, Auckland"]
[Date "2015.01.08"]
[Round "8.21"]
[White "Timergazi, Layla"]
[Black "Lim, Benjamin U"]
[Result "1/2-1/2"]
[WhiteElo "1932"]
[BlackElo "1996"]
[PlyCount "125"]
[EventDate "2015.01.01"]
[EventType "swiss"]
[EventRounds "9"]
[SourceDate "2015.01.01"]

1. e4 c5 2. Nc3 Nc6 3. f4 g6 4. Nf3 Bg7 5. Bc4 e6 6. d3 d6 7. O-O Nge7 8. Ne2
O-O 9. a4 b6 10. c3 d5 11. Bb3 dxe4 12. dxe4 Na5 13. Bc2 Ba6 14. Qe1 Bd3 15.
Bxd3 Qxd3 16. Ng3 Nb3 17. Ra3 Nxc1 18. Qxc1 Rfd8 19. Ra1 Nc6 20. Rd1 Qxd1+ 21.
Qxd1 Rxd1+ 22. Rxd1 Rd8 23. Rxd8+ Nxd8 24. Kf2 Kf8 25. Ke3 Ke7 26. Kd3 Kd7 27.
Kc4 Kc6 28. b4 f6 29. h4 Nf7 30. Ne2 Nd6+ 31. Kd3 a6 32. g4 h6 33. e5 Nf7 34.
Ke4 f5+ 35. gxf5 gxf5+ 36. Kd3 Bf8 37. Kc4 Be7 38. b5+ axb5+ 39. axb5+ Kd7 40.
h5 Bd8 41. Nd2 Bc7 42. Kd3 Bd8 43. Nc4 Kc7 44. Ng1 Be7 45. Nf3 Kb7 46. Nb2 Bd8
47. Na4 Be7 48. Ke2 Bd8 49. Kf2 Kc7 50. Kg3 Kb7 51. Nb2 Kc7 52. Nc4 Kd7 53. Kh3
Bc7 54. Nh4 Ke7 55. Ng6+ Kd7 56. Ne3 Bd8 57. Ng2 Ke8 58. Kg3 Bc7 59. N2h4 Bd8
60. Kf3 Bc7 61. Kg3 Bd8 62. Kf3 Bc7 63. Kg3 1/2-1/2

[Event "New Zealand Open Ch'p 2015"]
[Site "Devonport, Auckland"]
[Date "2015.01.08"]
[Round "8.22"]
[White "Zhu, Leo Lei"]
[Black "Macdonald, Paul"]
[Result "0-1"]
[WhiteElo "1978"]
[BlackElo "1983"]
[PlyCount "108"]
[EventDate "2015.01.01"]
[EventType "swiss"]
[EventRounds "9"]
[SourceDate "2015.01.01"]

1. e4 d6 2. d4 Nf6 3. Nc3 g6 4. f4 Bg7 5. Nf3 O-O 6. Bd3 Na6 7. O-O c5 8. d5
Bg4 9. Qe1 Nb4 10. Qh4 Nxd3 11. cxd3 Bxf3 12. gxf3 e6 13. f5 exd5 14. Bg5 h6
15. Bxh6 d4 16. Ne2 Nh7 17. Qxd8 Raxd8 18. Bxg7 Kxg7 19. fxg6 fxg6 20. f4 Nf6
21. f5 Nh5 22. fxg6 Kxg6 23. Rxf8 Rxf8 24. Rf1 Rxf1+ 25. Kxf1 Kg5 26. Kg2 b5
27. Kf3 Nf6 28. Kg3 Nd7 29. h4+ Kf6 30. Nf4 Ne5 31. Kf2 c4 32. Ke2 a5 33. Nd5+
Kg6 34. Nc7 cxd3+ 35. Kd2 b4 36. Nb5 Kh5 37. Nxd6 Kxh4 38. Nf5+ Kg4 39. Nd6 Kf4
40. b3 Kf3 41. Nb7 Kxe4 42. Nxa5 Nf3+ 43. Kd1 d2 44. Nc6 Kd3 45. Nxb4+ Kc3 46.
Nc2 Ng5 47. Na3 Ne4 48. Nb1+ Kd3 49. Nxd2 Nxd2 50. b4 Ne4 51. a3 Nc3+ 52. Kc1
Ke2 53. b5 Nxb5 54. a4 Na7 0-1